Planificación territorial: estudio de casos

Salvato in:
Dettagli Bibliografici
Autore principale: Otero Pastor, Isabel (autora)
Natura: Libro
Lingua:spagnolo
Pubblicazione: Madrid Fundación Conde del valle de Salazar 1993
Soggetti:
Tags: Aggiungi Tag
Nessun Tag, puoi essere il primo ad aggiungerne!!

MARC

LEADER 00000nam a2200000 a 4500
001 UCN9989
003 CL-VaPUC
008 020103e19930000SP |||||||||||||||||spa|d
082 0 4 |a 711.4  |b OTE  |2 21 
100 |a Otero Pastor, Isabel  |e autora  |9 466567 
245 1 0 |a Planificación territorial: estudio de casos 
300 |a 305 p 
942 |c BK 
945 |d 20020103 00:00:00  |a cmena 
260 |a Madrid  |b Fundación Conde del valle de Salazar  |c 1993 
500 |a ALGUNOS EJEMPLARES EN INST.DE GEOGRAFIA POR PROY.MINEDUC 
650 0 |a Planificación urbana   |9 258176 
650 0 |a Espacios urbanos  |9 262902 
650 0 |a Impacto ambiental  |9 262796 
583 |a last modification  |c 20020103 00:00:00  |k Rodrigo Vera 
999 |c 299068  |d 299066 
952 |0 0  |1 0  |4 0  |6 711_400000000000000_OTE_1993  |7 0  |8 A  |9 355201  |a BIBING  |b BIBING  |d 2019-11-21  |i 3786161  |l 1  |m 1  |o 711.4 OTE 1993  |p 3786161  |r 2025-01-20  |s 2021-09-24  |w 2019-11-21  |y BK  |k GEO